000 00985nam a2200289 a 4500
001 000028442
003 DO-SdBNP
005 20180214091755.0
007 000028442
008 110408s1974 dr a 000 0 spa d
040 _aBPMSU
_bspa
_cBPMSU
092 _axxx
_bA594e, 1974
100 1 _aAngulo Guridi, Alejandro,
_d1823-1906
245 1 0 _aExclusivismo y fraternidad de los pueblos /
_cAlejandro Angulo Guridi.
250 _a2a ed.
260 _aSanto Domingo :
_bSociedad Dominicana de Bibliófilos,
_c1974.
_fEditora Taller
300 _a25 p. ;
_c19 cm.
490 1 _aSociedad dominicana de bibliófilos
830 0 _aSociedad dominicana de bibliófilos
930 1 _lBND01
_mLF1
_820110408
_f04
_pHD
_g20958
930 1 _lBND01
_mLF1
_820110408
_f01
_pHD
_g20957
_he. 2
942 _2ddc
_cBK
945 _ainventariado, 2018 / dg
956 _aNMORDAN
_b10
_c20110408
_lBND01
_h1140
956 _aLOPEREZ
_b10
_c20110408
_lBND01
_h1510
956 _aVMATEO
_b10
_c20150727
_lBPMSU
_h00151
999 _c8020
_d8020